| 000 | 01038nam a2200301 i 4500 | ||
|---|---|---|---|
| 001 | 65674 | ||
| 003 | Mx-PuUPA | ||
| 005 | 20250422123214.0 | ||
| 008 | 160628s2023 pe gr 001 0 spa d | ||
| 017 | _a2023-05432 | ||
| 020 | _a9786124437533 | ||
| 040 |
_cMx-PuUPA _aMx-PuUPA _bspa _dMx-PuUPA _erda |
||
| 041 | 0 | _aspa | |
| 100 | 1 |
_aArbaiza Fermini, Lydia, _eautor _916975 |
|
| 245 | 1 | 3 |
_aEl desarrollo de la tesis / _cLydia Arbaiza Fermini |
| 250 |
_aPrimera edición impresa / _bjulio |
||
| 264 | 1 |
_aLima, Perú : _bESAN ediciones, _c2023 |
|
| 300 |
_a206 páginas : _btablas, _c24 cm |
||
| 336 |
_atexto _2rdacontent _btxt |
||
| 337 |
_asin medio _2rdamedia _bn |
||
| 338 |
_avolumen _2rdacarrier _bnc |
||
| 650 | 7 |
_2armarc _aTesis y disertaciones académicas _xMetodología |
|
| 650 | 7 |
_2armarc _aInvestigación _xMetodología |
|
| 942 |
_2ddc _cLI _h808.066378 _iA66 |
||
| 999 |
_c65674 _d65674 |
||